Capitals of Counties of Hungary - Statistics

General Stats
  • This quiz has been taken 23 times
  • The average score is 15 of 20
Answer Stats
Hint Answer % Correct
Capital Budapest
100%
Pest Budapest
100%
Hajdú-Bihar Debrecen
90%
Veszprém Veszprém
90%
Győr-Moson-Sopron Győr
86%
Csongrád-Csanád Szeged
81%
Borsod-Abaúj-Zemplén Miskolc
76%
Baranya Pécs
76%
Fejér Székesfehérvár
76%
Jász-Nagykun-Szolnok Szolnok
76%
Heves Eger
71%
Bács-Kiskun Kecskemét
71%
Szabolcs-Szatmár-Bereg Nyíregyháza
71%
Békés Békéscsaba
67%
Komárom-Esztergom Tatabánya
67%
Zala Zalaegerszeg
67%
Tolna Szekszárd
62%
Vas Szombathely
62%
Somogy Kaposvár
52%
Nógrád Salgótarján
52%
No matching quizzes found
Score Distribution
Percent of People with Each Score
Percentile by Number Answered
Your Score History
You have not taken this quiz